[Event "Mitropa Online Cup Women 2021"]
[Site "Hybrid"]
[Date "2021.05.04"]
[Round "1.4"]
[White "Juhasz, Barbara"]
[Black "Zimina, Olga"]
[Result "1/2-1/2"]
[WhiteElo "2211"]
[BlackElo "2354"]
[Annotator "NA"]
[PlyCount "127"]
[EventDate "2021.05.04"]
[EventType "team-tourn"]
[EventCountry "NET"]
[SourceTitle "playchess.com"]
[Source "ChessBase"]
[SourceQuality "1"]
[WhiteTeam "Hungary"]
[BlackTeam "Italy"]
[WhiteTeamCountry "HUN"]
[BlackTeamCountry "ITA"]
[TimeControl "40/5400+30:1800+30"]

1. e4 {[%emt 0:00:00]} c6 {[%emt 0:00:11]} 2. d4 {[%emt 0:00:09]} d5 {[%emt 0:00:10]} 3. exd5 {[%emt 0:00:14]} cxd5 {[%emt 0:00:11]} 4. Bd3 {[%emt 0:00:09]} Nc6 {[%emt 0:00:12]} 5. c3 {[%emt 0:00:11]} Nf6 {[%emt 0:00:08]} 6. Bf4 {[%emt 0:00:28]} Bg4 {[%emt 0:00:11]} 7. Qb3 {[%emt 0:00:12]} Qd7 {[%emt 0:00:13]} 8. Nd2 {[%emt 0:00:23]} e6 {[%emt 0:00:24]} 9. Ngf3 {[%emt 0:00:21]} Bxf3 {[%emt 0:00:15]} 10. Nxf3 {[%emt 0:00:08]} Bd6 {[%emt 0:00:20]} 11. Bxd6 {[%emt 0:01:11]} Qxd6 {[%emt 0:00:20]} 12. O-O {[%emt 0:00:10]} O-O {[%emt 0:00:23]} 13. Rae1 {[%emt 0:01:35]} Qc7 {[%emt 0:00:47]} 14. Qd1 {[%emt 0:02:57]} Rab8 {[%emt 0:08:34]} 15. Qe2 {[%emt 0:00:31]} Rfe8 {[%emt 0:09:14]} 16. Ne5 {[%emt 0:12:56]} Nxe5 {[%emt 0:03:35]} 17. dxe5 {[%emt 0:01:49]} Nd7 {[%emt 0:00:21]} 18. Qh5 {[%emt 0:06:02]} g6 {[%emt 0:03:52]} 19. Qg5 {[%emt 0:20:15]} b5 {[%emt 0:01:05]} 20. a3 {[%emt 0:01:56]} a5 {[%emt 0:00:32]} 21. h4 {[%emt 0:00:49]} Nc5 {[%emt 0:08:35]} 22. Bb1 {[%emt 0:18:29]} Qe7 {[%emt 0:06:21]} 23. Qg4 {[%emt 0:02:58]} Na4 {[%emt 0:05:18]} 24. Re2 {[%emt 0:04:10]} Rec8 {[%emt 0:17:24]} 25. h5 {[%emt 0:05:57]} Kg7 {[%emt 0:02:14]} 26. Rd1 {[%emt 0:03:01]} Rc4 {[%emt 0:06:59]} 27. Rd4 {[%emt 0:01:57]} Rxd4 {[%emt 0:08:21]} 28. Qxd4 {[%emt 0:01:20]} Qg5 {[%emt 0:03:31]} 29. f4 {[%emt 0:00:50]} Qxh5 {[%emt 0:00:38]} 30. Rf2 {[%emt 0:01:08]} Nb6 {[%emt 0:04:54]} 31. Bc2 {[%emt 0:01:14]} Qh4 {[%emt 0:02:18]} 32. Bd3 {[%emt 0:01:56]} Nd7 {[%emt 0:04:49]} 33. Bf1 {[%emt 0:08:57]} Rb7 {[%emt 0:00:27]} 34. Rd2 {[%emt 0:00:50]} Qe7 {[%emt 0:00:22]} 35. b4 {[%emt 0:00:18]} a4 {[%emt 0:01:34]} 36. g4 {[%emt 0:00:32]} Qd8 {[%emt 0:01:16]} 37. Qe3 {[%emt 0:00:36]} Qc7 {[%emt 0:00:53]} 38. Rd4 {[%emt 0:00:51]} Rb8 {[%emt 0:00:13]} 39. Kf2 {[%emt 0:00:40]} Rb7 {[%emt 0:00:59]} 40. Ke1 {[%emt 0:00:00]} g5 {[%emt 0:00:00]} 41. fxg5 {[%emt 0:16:55]} Qxe5 {[%emt 0:01:40]} 42. Kf2 {[%emt 0:00:21]} Qxe3+ {[%emt 0:06:20]} 43. Kxe3 {[%emt 0:00:10]} Kg6 {[%emt 0:03:27]} 44. Rf4 {[%emt 0:03:22]} Nb8 {[%emt 0:02:44]} 45. Kd4 {[%emt 0:05:08]} Kxg5 {[%emt 0:00:32]} 46. Rf2 {[%emt 0:00:06]} Nc6+ {[%emt 0:12:39]} 47. Kc5 {[%emt 0:01:09]} Na7 {[%emt 0:02:07]} 48. Rh2 {[%emt 0:02:04]} Kxg4 {[%emt 0:02:41]} 49. Rxh7 {[%emt 0:00:09]} Kg5 {[%emt 0:00:39]} 50. Be2 {[%emt 0:02:28]} Kg6 {[%emt 0:00:09]} 51. Bd3+ {[%emt 0:00:37]} Kf6 {[%emt 0:00:04]} 52. Be2 {[%emt 0:00:36]} Ke7 {[%emt 0:01:27]} 53. Bh5 {[%emt 0:01:46]} Kf6 {[%emt 0:01:40]} 54. Be2 {[%emt 0:00:05]} Ke5 {[%emt 0:00:43]} 55. Rh5+ {[%emt 0:01:38]} f5 {[%emt 0:00:07]} 56. Rh8 {[%emt 0:00:11]} Ke4 {[%emt 0:00:20]} 57. Rh3 {[%emt 0:00:13]} Ke5 {[%emt 0:01:59]} 58. Rh6 {[%emt 0:00:57]} f4 {[%emt 0:00:43]} 59. Bg4 {[%emt 0:01:04]} Re7 {[%emt 0:00:12]} 60. Kb6 {[%emt 0:00:09]} Kd6 {[%emt 0:00:41]} 61. Rf6 {[%emt 0:00:36]} Ke5 {[%emt 0:00:07]} 62. Rh6 {[%emt 0:00:02]} Kd6 {[%emt 0:01:15]} 63. Rf6 {[%emt 0:00:05]} Ke5 {[%emt 0:00:21]} 64. Rh6 {[%emt 0:00:03]} 1/2-1/2

[Event "Mitropa Online Cup Women 2021"]
[Site "Hybrid"]
[Date "2021.05.04"]
[Round "1.4"]
[White "Karacsonyi, Kata"]
[Black "Gueci, Tea"]
[Result "1/2-1/2"]
[WhiteElo "2138"]
[BlackElo "2204"]
[Annotator "NA"]
[PlyCount "60"]
[EventDate "2021.05.04"]
[EventType "team-tourn"]
[EventCountry "NET"]
[SourceTitle "playchess.com"]
[Source "ChessBase"]
[SourceQuality "1"]
[WhiteTeam "Hungary"]
[BlackTeam "Italy"]
[WhiteTeamCountry "HUN"]
[BlackTeamCountry "ITA"]
[TimeControl "40/5400+30:1800+30"]

1. e4 {[%emt 0:00:00]} c5 {[%emt 0:00:05]} 2. Nf3 {[%emt 0:00:06]} d6 {[%emt 0:00:05]} 3. d4 {[%emt 0:00:04]} cxd4 {[%emt 0:00:09]} 4. Nxd4 {[%emt 0:00:06]} Nf6 {[%emt 0:00:06]} 5. Nc3 {[%emt 0:00:05]} a6 {[%emt 0:00:07]} 6. h3 {[%emt 0:00:10]} e5 {[%emt 0:00:07]} 7. Nb3 {[%emt 0:00:05]} Be7 {[%emt 0:00:58]} 8. g4 {[%emt 0:00:14]} h6 {[%emt 0:00:43]} 9. Bg2 {[%emt 0:03:12]} Be6 {[%emt 0:07:41]} 10. f4 {[%emt 0:05:47]} exf4 {[%emt 0:09:23]} 11. Bxf4 {[%emt 0:00:43]} Nc6 {[%emt 0:02:43]} 12. Qd2 {[%emt 0:14:58]} Ne5 {[%emt 0:07:37]} 13. O-O-O {[%emt 0:10:22]} Rc8 {[%emt 0:14:18]} 14. Qf2 {[%emt 0:27:24]} Nfd7 {[%emt 0:06:53]} 15. Nd5 {[%emt 0:05:59]} Bxd5 {[%emt 0:08:24]} 16. Rxd5 {[%emt 0:01:45]} Nb6 {[%emt 0:03:03]} 17. Rdd1 {[%emt 0:01:58]} Nbc4 {[%emt 0:03:15]} 18. Bxe5 {[%emt 0:10:12]} Nxe5 {[%emt 0:00:38]} 19. Kb1 {[%emt 0:01:05]} O-O {[%emt 0:02:40]} 20. Rd5 {[%emt 0:03:39]} Qc7 {[%emt 0:04:48]} 21. Rhd1 {[%emt 0:01:26]} Rfd8 {[%emt 0:03:21]} 22. Bf1 {[%emt 0:01:30]} Nc6 {[%emt 0:04:48]} 23. c3 {[%emt 0:01:59]} b5 {[%emt 0:02:47]} 24. Nd4 {[%emt 0:01:25]} Nxd4 {[%emt 0:04:39]} 25. Qxd4 {[%emt 0:00:55]} Bf6 {[%emt 0:00:30]} 26. Qd2 {[%emt 0:01:43]} Be5 {[%emt 0:03:06]} 27. g5 {[%emt 0:01:38]} hxg5 {[%emt 0:01:27]} 28. Qxg5 {[%emt 0:00:13]} Bf6 {[%emt 0:00:21]} 29. Qd2 {[%emt 0:00:16]} Be5 {[%emt 0:02:28]} 30. h4 {[%emt 0:00:34]} Qe7 {[%emt 0:00:18]} 1/2-1/2

[Event "Mitropa Online Cup Women 2021"]
[Site "Hybrid"]
[Date "2021.05.04"]
[Round "1.5"]
[White "Guichard, Pauline"]
[Black "Novkovic, Julia"]
[Result "1-0"]
[WhiteElo "2415"]
[BlackElo "2170"]
[Annotator "NA"]
[PlyCount "69"]
[EventDate "2021.05.04"]
[EventType "team-tourn"]
[EventCountry "NET"]
[SourceTitle "playchess.com"]
[Source "ChessBase"]
[SourceQuality "1"]
[WhiteTeam "France"]
[BlackTeam "Austria"]
[WhiteTeamCountry "FRA"]
[BlackTeamCountry "AUT"]
[TimeControl "40/5400+30:1800+30"]

1. d4 {[%emt 0:00:00]} Nf6 {[%emt 0:00:18]} 2. c4 {[%emt 0:00:19]} g6 {[%emt 0:00:25]} 3. Nc3 {[%emt 0:00:11]} Bg7 {[%emt 0:00:46]} 4. e4 {[%emt 0:00:19]} d6 {[%emt 0:00:20]} 5. Nf3 {[%emt 0:00:20]} O-O {[%emt 0:01:08]} 6. Be2 {[%emt 0:00:16]} e5 {[%emt 0:02:15]} 7. Be3 {[%emt 0:00:20]} Nc6 {[%emt 0:06:39]} 8. d5 {[%emt 0:00:31]} Ne7 {[%emt 0:01:24]} 9. Nd2 {[%emt 0:00:20]} Ne8 {[%emt 0:05:54]} 10. c5 {[%emt 0:05:48]} f5 {[%emt 0:13:42]} 11. f3 {[%emt 0:00:45]} Kh8 {[%emt 0:09:39]} 12. Nc4 {[%emt 0:02:47]} Ng8 {[%emt 0:05:21]} 13. O-O {[%emt 0:13:59]} Ngf6 {[%emt 0:08:36]} 14. cxd6 {[%emt 0:04:39]} cxd6 {[%emt 0:00:37]} 15. Rc1 {[%emt 0:07:57]} Nh5 {[%emt 0:19:04]} 16. Nb5 {[%emt 0:10:14]} Nf4 {[%emt 0:02:58]} 17. Nxa7 {[%emt 0:02:24]} Qg5 {[%emt 0:09:52]} 18. Bxf4 {[%emt 0:06:01]} exf4 {[%emt 0:00:13]} 19. Nxc8 {[%emt 0:05:53]} Rxc8 {[%emt 0:00:05]} 20. e5 {[%emt 0:00:19]} Rxc4 {[%emt 0:02:42]} 21. Rxc4 {[%emt 0:01:03]} dxe5 {[%emt 0:01:55]} 22. d6 {[%emt 0:09:53]} Qd8 {[%emt 0:00:08]} 23. d7 {[%emt 0:00:44]} Nf6 {[%emt 0:00:13]} 24. Rc8 {[%emt 0:03:22]} Qxd7 {[%emt 0:01:35]} 25. Qxd7 {[%emt 0:00:08]} Nxd7 {[%emt 0:00:26]} 26. Rc7 {[%emt 0:00:07]} Nf6 {[%emt 0:02:40]} 27. Rxb7 {[%emt 0:02:33]} Rc8 {[%emt 0:00:23]} 28. a4 {[%emt 0:00:53]} Bf8 {[%emt 0:02:28]} 29. a5 {[%emt 0:05:24]} Nd5 {[%emt 0:00:52]} 30. a6 {[%emt 0:03:36]} Rc2 {[%emt 0:01:19]} 31. Bd3 {[%emt 0:01:20]} Bc5+ {[%emt 0:00:26]} 32. Kh1 {[%emt 0:00:10]} Rd2 {[%emt 0:00:03]} 33. Rb5 {[%emt 0:00:42]} Ne3 {[%emt 0:01:21]} 34. Rxc5 {[%emt 0:00:25]} Rxd3 {[%emt 0:00:36]} 35. a7 {[%emt 0:00:51]} 1-0

[Event "Mitropa Online Cup Women 2021"]
[Site "Hybrid"]
[Date "2021.05.04"]
[Round "1.5"]
[White "Monpeurt, Cyrielle"]
[Black "Froewis, Annika"]
[Result "1-0"]
[WhiteElo "2166"]
[BlackElo "2143"]
[Annotator "NA"]
[PlyCount "111"]
[EventDate "2021.05.04"]
[EventType "team-tourn"]
[EventCountry "NET"]
[SourceTitle "playchess.com"]
[Source "ChessBase"]
[SourceQuality "1"]
[WhiteTeam "France"]
[BlackTeam "Austria"]
[WhiteTeamCountry "FRA"]
[BlackTeamCountry "AUT"]
[TimeControl "40/5400+30:1800+30"]

1. e4 {[%emt 0:00:00]} e5 {[%emt 0:00:06]} 2. Nf3 {[%emt 0:00:13]} d6 {[%emt 0:00:06]} 3. d4 {[%emt 0:00:13]} exd4 {[%emt 0:00:05]} 4. Nxd4 {[%emt 0:00:18]} Nf6 {[%emt 0:00:04]} 5. Nc3 {[%emt 0:00:25]} Be7 {[%emt 0:00:05]} 6. Bf4 {[%emt 0:00:27]} O-O {[%emt 0:00:05]} 7. Qd2 {[%emt 0:01:05]} d5 {[%emt 0:11:32]} 8. Ndb5 {[%emt 0:09:00]} c6 {[%emt 0:10:15]} 9. Nc7 {[%emt 0:02:53]} Bb4 {[%emt 0:00:44]} 10. exd5 {[%emt 0:19:51]} Re8+ {[%emt 0:25:32]} 11. Nxe8 {[%emt 0:07:07]} Qxe8+ {[%emt 0:00:21]} 12. Qe3 {[%emt 0:04:14]} Qxe3+ {[%emt 0:06:25]} 13. Bxe3 {[%emt 0:02:49]} Bxc3+ {[%emt 0:03:55]} 14. bxc3 {[%emt 0:00:14]} cxd5 {[%emt 0:00:44]} 15. Rb1 {[%emt 0:10:55]} b6 {[%emt 0:02:46]} 16. Bd3 {[%emt 0:06:37]} Nc6 {[%emt 0:07:37]} 17. O-O {[%emt 0:02:46]} Be6 {[%emt 0:03:34]} 18. Bd4 {[%emt 0:04:19]} Ne8 {[%emt 0:01:57]} 19. f4 {[%emt 0:09:37]} f5 {[%emt 0:07:43]} 20. Rfe1 {[%emt 0:00:54]} Kf7 {[%emt 0:01:33]} 21. Bb5 {[%emt 0:02:10]} Na5 {[%emt 0:05:37]} 22. Be5 {[%emt 0:04:24]} Rc8 {[%emt 0:01:05]} 23. Rbd1 {[%emt 0:00:47]} g6 {[%emt 0:01:08]} 24. Rd3 {[%emt 0:01:46]} Nc4 {[%emt 0:01:34]} 25. Bxc4 {[%emt 0:00:34]} Rxc4 {[%emt 0:00:11]} 26. Rh3 {[%emt 0:00:58]} h5 {[%emt 0:02:13]} 27. Rhe3 {[%emt 0:00:16]} Ra4 {[%emt 0:01:42]} 28. Ra1 {[%emt 0:05:35]} b5 {[%emt 0:00:18]} 29. Rd3 {[%emt 0:01:03]} a6 {[%emt 0:03:57]} 30. g3 {[%emt 0:00:36]} Ke7 {[%emt 0:01:14]} 31. Kf2 {[%emt 0:00:25]} Kd7 {[%emt 0:00:07]} 32. Rd4 {[%emt 0:00:59]} Ra3 {[%emt 0:00:08]} 33. Rd3 {[%emt 0:00:30]} Ra4 {[%emt 0:00:15]} 34. a3 {[%emt 0:00:29]} Kc6 {[%emt 0:01:44]} 35. Rd4 {[%emt 0:00:13]} Ra5 {[%emt 0:00:32]} 36. a4 {[%emt 0:00:45]} Kc5 {[%emt 0:00:10]} 37. Ke3 {[%emt 0:01:23]} Bd7 {[%emt 0:00:06]} 38. Rad1 {[%emt 0:00:19]} Bc6 {[%emt 0:00:05]} 39. axb5 {[%emt 0:00:24]} axb5 {[%emt 0:01:38]} 40. Rb4 {[%emt 0:00:00]} Ra2 {[%emt 0:00:00]} 41. Kd3 {[%emt 0:01:46]} Bd7 {[%emt 0:05:37]} 42. Rbb1 {[%emt 0:05:26]} Ra4 {[%emt 0:10:02]} 43. Ra1 {[%emt 0:00:49]} Bc6 {[%emt 0:06:16]} 44. Rdb1 {[%emt 0:00:37]} Bd7 {[%emt 0:03:38]} 45. Rxa4 {[%emt 0:09:46]} bxa4 {[%emt 0:00:05]} 46. Bd4+ {[%emt 0:00:14]} Kd6 {[%emt 0:00:13]} 47. c4 {[%emt 0:05:10]} dxc4+ {[%emt 0:02:12]} 48. Kxc4 {[%emt 0:00:25]} Be6+ {[%emt 0:00:56]} 49. Kb4 {[%emt 0:00:19]} Kd5 {[%emt 0:00:25]} 50. Be5 {[%emt 0:00:15]} Bd7 {[%emt 0:00:58]} 51. Rd1+ {[%emt 0:00:20]} Ke6 {[%emt 0:00:07]} 52. c4 {[%emt 0:00:24]} Bc6 {[%emt 0:01:00]} 53. Kc5 {[%emt 0:00:47]} Be4 {[%emt 0:00:34]} 54. Kb6 {[%emt 0:01:30]} g5 {[%emt 0:01:00]} 55. c5 {[%emt 0:00:41]} Bc2 {[%emt 0:01:23]} 56. Rd2 {[%emt 0:00:19]} 1-0

[Event "Mitropa Online Cup Women 2021"]
[Site "Hybrid"]
[Date "2021.05.04"]
[Round "1.5"]
[White "Trippold, Denise"]
[Black "Navrotescu, Andreea-Cristiana"]
[Result "0-1"]
[WhiteElo "2145"]
[BlackElo "2247"]
[Annotator "NA"]
[PlyCount "116"]
[EventDate "2021.05.04"]
[EventType "team-tourn"]
[EventCountry "NET"]
[SourceTitle "playchess.com"]
[Source "ChessBase"]
[SourceQuality "1"]
[WhiteTeam "Austria"]
[BlackTeam "France"]
[WhiteTeamCountry "AUT"]
[BlackTeamCountry "FRA"]
[TimeControl "40/5400+30:1800+30"]

1. c4 {[%emt 0:00:00]} e6 {[%emt 0:03:28]} 2. g3 {[%emt 0:01:32]} f5 {[%emt 0:01:52]} 3. Bg2 {[%emt 0:01:05]} Nf6 {[%emt 0:00:22]} 4. Nf3 {[%emt 0:00:36]} d5 {[%emt 0:00:58]} 5. O-O {[%emt 0:00:43]} c6 {[%emt 0:02:42]} 6. d3 {[%emt 0:06:15]} Be7 {[%emt 0:04:22]} 7. Nbd2 {[%emt 0:01:12]} O-O {[%emt 0:01:41]} 8. Qc2 {[%emt 0:07:28]} Nbd7 {[%emt 0:05:58]} 9. b3 {[%emt 0:08:56]} a5 {[%emt 0:05:24]} 10. Bb2 {[%emt 0:05:21]} Nc5 {[%emt 0:08:12]} 11. Rad1 {[%emt 0:07:22]} Bd7 {[%emt 0:07:35]} 12. Ne5 {[%emt 0:04:18]} Be8 {[%emt 0:03:56]} 13. Ndf3 {[%emt 0:07:03]} Bh5 {[%emt 0:11:04]} 14. Ba3 {[%emt 0:05:09]} Ncd7 {[%emt 0:06:13]} 15. Nxd7 {[%emt 0:04:08]} Nxd7 {[%emt 0:01:24]} 16. Bxe7 {[%emt 0:01:35]} Qxe7 {[%emt 0:00:05]} 17. d4 {[%emt 0:01:05]} Bxf3 {[%emt 0:11:47]} 18. Bxf3 {[%emt 0:02:11]} Qb4 {[%emt 0:02:38]} 19. Ra1 {[%emt 0:09:24]} a4 {[%emt 0:01:28]} 20. Rfb1 {[%emt 0:02:05]} Rfb8 {[%emt 0:05:13]} 21. e3 {[%emt 0:04:40]} axb3 {[%emt 0:01:51]} 22. axb3 {[%emt 0:00:17]} g6 {[%emt 0:05:14]} 23. Be2 {[%emt 0:09:36]} Ra3 {[%emt 0:00:41]} 24. Rxa3 {[%emt 0:00:35]} Qxa3 {[%emt 0:00:05]} 25. Qb2 {[%emt 0:01:22]} Ra8 {[%emt 0:01:20]} 26. Qxa3 {[%emt 0:01:52]} Rxa3 {[%emt 0:00:05]} 27. c5 {[%emt 0:01:01]} e5 {[%emt 0:02:46]} 28. b4 {[%emt 0:02:48]} Ra2 {[%emt 0:02:39]} 29. Bf3 {[%emt 0:03:01]} exd4 {[%emt 0:01:25]} 30. exd4 {[%emt 0:00:02]} Rd2 {[%emt 0:00:43]} 31. b5 {[%emt 0:00:48]} Rxd4 {[%emt 0:00:32]} 32. bxc6 {[%emt 0:00:04]} bxc6 {[%emt 0:00:05]} 33. Rb7 {[%emt 0:00:55]} Ne5 {[%emt 0:01:29]} 34. Be2 {[%emt 0:00:22]} Rd2 {[%emt 0:00:21]} 35. Kf1 {[%emt 0:01:39]} Rc2 {[%emt 0:00:20]} 36. h4 {[%emt 0:00:20]} Rc1+ {[%emt 0:00:27]} 37. Kg2 {[%emt 0:00:04]} Rxc5 {[%emt 0:00:28]} 38. h5 {[%emt 0:00:13]} Rc2 {[%emt 0:00:56]} 39. Kf1 {[%emt 0:00:48]} gxh5 {[%emt 0:00:40]} 40. Bxh5 {[%emt 0:00:00]} Ng4 {[%emt 0:00:00]} 41. Rc7 {[%emt 0:09:55]} d4 {[%emt 0:05:45]} 42. Bf7+ {[%emt 0:02:38]} Kf8 {[%emt 0:00:29]} 43. Bh5 {[%emt 0:06:54]} Rxf2+ {[%emt 0:03:19]} 44. Ke1 {[%emt 0:00:13]} Rc2 {[%emt 0:00:20]} 45. Rxh7 {[%emt 0:07:07]} Ne3 {[%emt 0:00:56]} 46. Rd7 {[%emt 0:02:46]} c5 {[%emt 0:01:05]} 47. Rf7+ {[%emt 0:00:19]} Kg8 {[%emt 0:00:32]} 48. Rd7 {[%emt 0:00:04]} Rg2 {[%emt 0:02:53]} 49. Rc7 {[%emt 0:01:23]} d3 {[%emt 0:01:32]} 50. Rd7 {[%emt 0:00:38]} c4 {[%emt 0:05:09]} 51. Bf3 {[%emt 0:01:19]} Rb2 {[%emt 0:01:06]} 52. Bh5 {[%emt 0:01:49]} Kh8 {[%emt 0:05:35]} 53. Bf3 {[%emt 0:00:25]} Rh2 {[%emt 0:01:31]} 54. Rd8+ {[%emt 0:02:34]} Kg7 {[%emt 0:00:12]} 55. Rd6 {[%emt 0:00:01]} Kf7 {[%emt 0:00:22]} 56. Bd5+ {[%emt 0:00:19]} Nxd5 {[%emt 0:01:02]} 57. Rxd5 {[%emt 0:00:03]} Ke6 {[%emt 0:00:24]} 58. Rd4 {[%emt 0:00:07]} Rc2 {[%emt 0:00:32]} 0-1

[Event "Mitropa Online Cup Women 2021"]
[Site "Hybrid"]
[Date "2021.05.04"]
[Round "1.5"]
[White "Hapala, Elisabeth"]
[Black "Thomas, Anysia"]
[Result "1/2-1/2"]
[WhiteElo "2120"]
[BlackElo "2164"]
[Annotator "NA"]
[PlyCount "116"]
[EventDate "2021.05.04"]
[EventType "team-tourn"]
[EventCountry "NET"]
[SourceTitle "playchess.com"]
[Source "ChessBase"]
[SourceQuality "1"]
[WhiteTeam "Austria"]
[BlackTeam "France"]
[WhiteTeamCountry "AUT"]
[BlackTeamCountry "FRA"]
[TimeControl "40/5400+30:1800+30"]

1. e4 {[%emt 0:00:00]} c5 {[%emt 0:00:11]} 2. Nf3 {[%emt 0:00:07]} g6 {[%emt 0:00:17]} 3. d4 {[%emt 0:00:10]} cxd4 {[%emt 0:00:12]} 4. Nxd4 {[%emt 0:00:10]} Nc6 {[%emt 0:00:20]} 5. c4 {[%emt 0:01:05]} Nf6 {[%emt 0:00:57]} 6. Nc3 {[%emt 0:01:18]} d6 {[%emt 0:00:38]} 7. Be2 {[%emt 0:16:24]} Nxd4 {[%emt 0:00:53]} 8. Qxd4 {[%emt 0:00:06]} Bg7 {[%emt 0:00:22]} 9. Be3 {[%emt 0:03:03]} O-O {[%emt 0:00:20]} 10. Qd2 {[%emt 0:00:28]} Be6 {[%emt 0:01:03]} 11. Rc1 {[%emt 0:01:23]} Qa5 {[%emt 0:00:32]} 12. b3 {[%emt 0:07:51]} Rfc8 {[%emt 0:01:22]} 13. f3 {[%emt 0:00:22]} a6 {[%emt 0:01:08]} 14. Na4 {[%emt 0:00:26]} Qxd2+ {[%emt 0:00:43]} 15. Kxd2 {[%emt 0:00:12]} Nd7 {[%emt 0:00:30]} 16. g4 {[%emt 0:00:11]} f5 {[%emt 0:00:26]} 17. gxf5 {[%emt 0:00:08]} gxf5 {[%emt 0:00:18]} 18. Rhg1 {[%emt 0:00:21]} Kh8 {[%emt 0:00:26]} 19. Bd3 {[%emt 0:08:18]} f4 {[%emt 0:03:11]} 20. Bf2 {[%emt 0:00:13]} Bf6 {[%emt 0:01:29]} 21. Nc3 {[%emt 0:30:53]} b5 {[%emt 0:40:33]} 22. Nd5 {[%emt 0:10:47]} Bxd5 {[%emt 0:02:07]} 23. cxd5 {[%emt 0:01:05]} Bb2 {[%emt 0:04:05]} 24. Rc2 {[%emt 0:01:59]} Rxc2+ {[%emt 0:07:18]} 25. Kxc2 {[%emt 0:00:11]} Bf6 {[%emt 0:10:17]} 26. Kd2 {[%emt 0:02:28]} Rc8 {[%emt 0:05:05]} 27. Rc1 {[%emt 0:03:04]} Rxc1 {[%emt 0:02:44]} 28. Kxc1 {[%emt 0:00:04]} Ne5 {[%emt 0:02:07]} 29. Be2 {[%emt 0:00:10]} Kg7 {[%emt 0:01:27]} 30. a4 {[%emt 0:03:27]} Kf7 {[%emt 0:07:14]} 31. axb5 {[%emt 0:00:25]} axb5 {[%emt 0:00:15]} 32. h3 {[%emt 0:05:20]} e6 {[%emt 0:01:14]} 33. Bxb5 {[%emt 0:00:53]} exd5 {[%emt 0:03:02]} 34. exd5 {[%emt 0:00:03]} Nxf3 {[%emt 0:00:19]} 35. Bf1 {[%emt 0:01:26]} Ne5 {[%emt 0:01:30]} 36. b4 {[%emt 0:00:25]} Bd8 {[%emt 0:00:36]} 37. Kc2 {[%emt 0:01:14]} Nd7 {[%emt 0:00:53]} 38. Kd3 {[%emt 0:00:56]} Kg6 {[%emt 0:00:16]} 39. Bg2 {[%emt 0:01:20]} Kg5 {[%emt 0:01:58]} 40. Kc4 {[%emt 0:00:00]} f3 {[%emt 0:00:00]} 41. Bf1 {[%emt 0:00:58]} Kf4 {[%emt 0:20:49]} 42. Kb5 {[%emt 0:16:23]} Ne5 {[%emt 0:03:15]} 43. Ka6 {[%emt 0:13:46]} Ke4 {[%emt 0:02:14]} 44. b5 {[%emt 0:00:06]} Kxd5 {[%emt 0:01:16]} 45. b6 {[%emt 0:00:19]} Nd7 {[%emt 0:03:03]} 46. Bb5 {[%emt 0:02:11]} Nxb6 {[%emt 0:02:56]} 47. Bxb6 {[%emt 0:00:03]} Bxb6 {[%emt 0:00:05]} 48. Kxb6 {[%emt 0:00:06]} Kd4 {[%emt 0:00:12]} 49. Kc6 {[%emt 0:01:10]} d5 {[%emt 0:00:12]} 50. Bf1 {[%emt 0:00:48]} h5 {[%emt 0:01:41]} 51. h4 {[%emt 0:00:19]} Ke4 {[%emt 0:00:37]} 52. Kc5 {[%emt 0:00:03]} d4 {[%emt 0:00:41]} 53. Kc4 {[%emt 0:00:04]} Ke3 {[%emt 0:00:18]} 54. Bd3 {[%emt 0:00:32]} f2 {[%emt 0:00:25]} 55. Bf1 {[%emt 0:00:08]} Ke4 {[%emt 0:00:29]} 56. Bd3+ {[%emt 0:00:31]} Ke3 {[%emt 0:00:09]} 57. Bf1 {[%emt 0:00:04]} Ke4 {[%emt 0:00:14]} 58. Bd3+ {[%emt 0:00:03]} Ke3 {[%emt 0:01:04]} 1/2-1/2

[Event "Mitropa Online Cup Women 2021"]
[Site "Hybrid"]
[Date "2021.05.04"]
[Round "2.1"]
[White "Schneider, Jana"]
[Black "Novkovic, Julia"]
[Result "1/2-1/2"]
[WhiteElo "2272"]
[BlackElo "2170"]
[Annotator "TA"]
[PlyCount "113"]
[EventDate "2021.05.04"]
[EventType "team-tourn"]
[EventCountry "NET"]
[SourceTitle "playchess.com"]
[Source "ChessBase"]
[SourceQuality "1"]
[WhiteTeam "Germany"]
[BlackTeam "Austria"]
[WhiteTeamCountry "GER"]
[BlackTeamCountry "AUT"]

{[%evp 9,113,4,12,11,23,18,31,0,0,0,-4,0,0,-11,0,-17,-7,-27,-22,-29,-22,-52,-33,-85,-39,-59,-50,-48,-48,-57,-60,-72,-65,-66,-66,-73,-57,-77,-22,-21,-18,-18,-8,-10,0,-10,-10,-10,-10,-24,-31,-33,-6,-16,0,-18,0,-14,0,0,0,-27,0,0,0,0,0,0,0,0,0,0,15,0,30,4,34,33,16,0,33,0,37,0,0,0,33,0,20,0,0,-9,0,0,0,0,7,0,0,0,0,0,0,-4,0,0]} 1. e4 e5 2. Nf3 Nc6 3. Bb5 a6 4. Ba4 Nf6 5. Nc3 {[%cal Bb1c3,Bc3e2,Be2g3,Bg3f5][%mdl 32]} Bd6 6. d3 {C77: Ruy Lopez: 3...a6 4 Ba4 Nf6, unusual lines.} h6 7. O-O O-O 8. Ne2 {White is slightly better.} Re8 (8... b5 $5 9. Bb3 $8 a5 $14) 9. Ng3 b5 10. Bb3 Na5 11. Re1 Nxb3 12. axb3 Bb7 13. Nf5 Bf8 $1 14. c4 d6 {[#]} 15. N3h4 $146 ({Predecessor:} 15. Qc2 c6 16. Bd2 a5 17. h3 Kh7 18. d4 g6 19. dxe5 dxe5 {½-½ (85) Wong,J (1960)-Rindlisbacher,L (2217) Kocaeli 2011}) 15... Kh7 16. Qf3 (16. Bd2 $15) 16... Ng8 17. Qg3 g6 18. Ne3 Nf6 19. Qf3 Bg7 20. g3 c6 21. Ng4 Nxg4 22. Qxg4 d5 23. Qe2 dxe4 ({Better is} 23... a5 $17) 24. dxe4 $11 Qe7 25. Be3 Rad8 26. Bb6 Rd7 27. Red1 Bc8 28. Rxd7 Qxd7 29. Rd1 Qb7 30. c5 Be6 31. b4 Bf8 32. Nf3 f6 33. Rd2 Qc8 34. Ne1 Be7 35. Qd1 Kg7 36. Ng2 h5 37. f3 Rh8 38. h4 Kf7 39. Ne3 (39. Kh2 {keeps more tension.} Re8 40. Ne3 Kg7 41. Qe2 Rh8 42. Rd3) 39... Kg7 40. Ng2 Qg8 41. Rd3 Bc8 42. Qd2 Bh3 43. Kh2 Bc8 44. Kg1 Bh3 45. Kf2 Bc8 (45... Qb8 {seems wilder.} 46. Kg1 Be6 47. Qe1 Rf8 48. Rd2 f5) 46. Qe3 Qa2 47. Qd2 Qg8 48. Qc3 Qe6 {The position is equal.} 49. Ne3 Qh3 {[#] White must now prevent ...Qh2+.} 50. Ng2 Qh2 {And now ...Bh3 would win.} 51. Qe1 Re8 52. Rd1 Qh3 53. Kg1 Qe6 54. Qe3 Qh3 55. Qe1 Qe6 56. Qe3 Qh3 57. Qe1 {Weighted Error Value: White=0.09/Black=0.09} 1/2-1/2